The Major Acts: (Record no. 592421)
[ view plain ]
| 000 -LEADER | |
|---|---|
| fixed length control field | 00323nam a22001217a 4500 |
| 082 ## - DEWEY DECIMAL CLASSIFICATION NUMBER | |
| Classification number | 340.565491 |
| Author Mark | MAH |
| 100 ## - MAIN ENTRY--PERSONAL NAME | |
| Personal name | Mahmmod, M. |
| 245 ## - TITLE STATEMENT | |
| Title | The Major Acts: |
| Remainder of title | with short notes / |
| Statement of responsibility, etc. | M. Mahmmod |
| 260 ## - PUBLICATION, DISTRIBUTION, ETC. | |
| Place of publication, distribution, etc. | Lahore : |
| Name of publisher, distributor, etc. | Al-Qanoon Publishers, |
| Date of publication, distribution, etc. | 2022. |
| 300 ## - PHYSICAL DESCRIPTION | |
| Extent | 1972 p. ; |
| Dimensions | 24 cm. |
| 563 ## - BINDING INFORMATION | |
| Binding note | HBK. |
| 942 ## - ADDED ENTRY ELEMENTS (KOHA) | |
| Source of classification or shelving scheme | |
| Koha item type | Book |
| Withdrawn status | Lost status | Source of classification or shelving scheme | Damaged status | Not for loan | Permanent Location | Current Location | Shelving location | Date acquired | Source of acquisition | Total Checkouts | Total Renewals | Full call number | Barcode | Checked out | Date last seen | Date last checked out | Price effective from | Koha item type |
|---|---|---|---|---|---|---|---|---|---|---|---|---|---|---|---|---|---|---|
| NUST Law School (NLS) | NUST Law School (NLS) | Law | 11/20/2022 | Pakistan Law House | 2 | 4 | 340.565491 MAH | CL-1346 | 05/15/2025 | 06/05/2023 | 02/08/2023 | 11/20/2022 | Book |
